000 00946nam a22003377a 4500
001 BR9505330
003 BR-BrBNA
005 20230928094634.0
007 ta
008 230509b bl.||||| |||| 00| 0 por d
040 _aBR-BrBNA
_bpor
_cBiblioteca Nacional de Agricultura
041 _a(Por)
072 _aH20
_b1540
_b4110
_b4120
_b4150
090 _ 1540 BR9505330
100 1 _aFukuda, C.
100 1 _aMuniz, J.O. de L.
110 1 _aCentro Nacional de Pesquisa de Mandioca e Fruticultura, Cruz das Almas, BA (Brasil)
_91783
245 1 _aDoencas da Mandioca
_b3. Curso intensivo nacional de mandioca
260 3 _aCruz das Almas, BA (Brasil):
_c1979.
300 _a40 p.
500 _a34 ref.
650 _aMandioca
650 _aBacteria
650 _aFungo
650 _aVirus
650 _aSintoma
650 _aVariedade Resistente
650 _aPulverizacao
909 _a202309
_bLucia
_c55
_dLucia Elande
942 _cBK
999 _c51803
_d51803